000 00912nam a22002417a 4500
999 _c65549
_d65549
005 20240530110830.0
008 190903s2001 ua a g b 000 0 ara d
017 _a2001/7272
_bمصر. دار الكتب
020 _a9771801929
040 _aEG-CaGPL
_cEG-CaGPL
082 0 4 _221
_a809 \
_bإ أ
100 0 _aابراهيم السامرائى
245 1 0 _aاشتات فى الادب واللغة /
_cابراهيم السامرائى
250 _aط.1
260 _aالقاهرة :
_bمطبعة دار الكتب و الوثائق القومية بالقاهرة ،
_c2001
300 _a329 ص. ؛
_c28 سم.
650 0 7 _2qrmak
_aالقصص العربية
_xتاريخ ونقد
650 0 7 _aالشعر العربى
_xمختارات
_2qrmak
650 0 7 _aالنثر العربى
_xمختارات
_2qrmak
651 _2qrmak
942 _2ddc
_cBK